<?xml version="1.0" encoding="UTF-8"?>
<record
    xmlns:xsi="http://www.w3.org/2001/XMLSchema-instance"
    xsi:schemaLocation="http://www.loc.gov/MARC21/slim http://www.loc.gov/standards/marcxml/schema/MARC21slim.xsd"
    xmlns="http://www.loc.gov/MARC21/slim">

  <leader>00650cam a22002174i 4500</leader>
  <datafield tag="020" ind1=" " ind2=" ">
    <subfield code="a">9781625271754</subfield>
  </datafield>
  <datafield tag="040" ind1=" " ind2=" ">
    <subfield code="c">DLC</subfield>
  </datafield>
  <datafield tag="082" ind1="0" ind2="0">
    <subfield code="a">174 HAR 2014 A116 Or.</subfield>
  </datafield>
  <datafield tag="100" ind1="1" ind2=" ">
    <subfield code="a">Mackey, John,</subfield>
  </datafield>
  <datafield tag="245" ind1="1" ind2="0">
    <subfield code="a">Conscious capitalism :</subfield>
    <subfield code="b">liberating the heroic spirit of business /</subfield>
  </datafield>
  <datafield tag="250" ind1=" " ind2=" ">
    <subfield code="a">Paperback [edition].</subfield>
  </datafield>
  <datafield tag="300" ind1=" " ind2=" ">
    <subfield code="a">xviii, 344 pages ;</subfield>
    <subfield code="c">21 cm.</subfield>
  </datafield>
  <datafield tag="500" ind1=" " ind2=" ">
    <subfield code="a">"The bestselling book, now with a new preface by the authors"--Cover.</subfield>
  </datafield>
  <datafield tag="650" ind1=" " ind2="0">
    <subfield code="a">Social responsibility of business.</subfield>
  </datafield>
  <datafield tag="650" ind1=" " ind2="0">
    <subfield code="a">Business ethics.</subfield>
  </datafield>
  <datafield tag="650" ind1=" " ind2="0">
    <subfield code="a">Capitalism</subfield>
  </datafield>
  <datafield tag="650" ind1=" " ind2="0">
    <subfield code="a">Corporations</subfield>
  </datafield>
  <datafield tag="650" ind1=" " ind2="0">
    <subfield code="a">Social values.</subfield>
  </datafield>
  <datafield tag="700" ind1="1" ind2=" ">
    <subfield code="a">Sisodia, Rajendra.</subfield>
  </datafield>
  <datafield tag="942" ind1=" " ind2=" ">
    <subfield code="c">AEDBB</subfield>
  </datafield>
  <datafield tag="999" ind1=" " ind2=" ">
    <subfield code="c">17517</subfield>
    <subfield code="d">17517</subfield>
  </datafield>
  <datafield tag="952" ind1=" " ind2=" ">
    <subfield code="0">0</subfield>
    <subfield code="1">0</subfield>
    <subfield code="4">0</subfield>
    <subfield code="6">174_000000000000000_HAR_2014_A116_OR</subfield>
    <subfield code="7">0</subfield>
    <subfield code="9">75982</subfield>
    <subfield code="a">LBA</subfield>
    <subfield code="b">LBA</subfield>
    <subfield code="c">A116</subfield>
    <subfield code="d">2018-12-04</subfield>
    <subfield code="o">174 HAR 2014 A116 Or.</subfield>
    <subfield code="p">A35680</subfield>
    <subfield code="r">2018-12-04</subfield>
    <subfield code="w">2018-12-04</subfield>
    <subfield code="y">EK</subfield>
  </datafield>
  <datafield tag="952" ind1=" " ind2=" ">
    <subfield code="0">0</subfield>
    <subfield code="1">0</subfield>
    <subfield code="4">0</subfield>
    <subfield code="6">174_000000000000000_HAR_2014_A117_OR</subfield>
    <subfield code="7">0</subfield>
    <subfield code="9">76014</subfield>
    <subfield code="a">LBA</subfield>
    <subfield code="b">LBA</subfield>
    <subfield code="c">A117</subfield>
    <subfield code="d">2018-12-05</subfield>
    <subfield code="o">174 HAR 2014 A117 Or.</subfield>
    <subfield code="p">A36450</subfield>
    <subfield code="r">2018-12-05</subfield>
    <subfield code="y">EK</subfield>
  </datafield>
</record>
